Disney’s “Zootopia” - Statistics

General Stats
  • This quiz has been taken 56 times
  • The average score is 10 of 15
Answer Stats
Hint Answer % Correct
Leporine protagonist Judy Hopps
90%
Name of city Zootopia
86%
Sly fox buddy Nick Wilde
82%
Occupation of the above Police officer
82%
Sloth that works at DMV Flash
80%
Year of release 2016
78%
Animal of the above Sheep
76%
Chief of ZPD Chief Bogo
73%
Theme song Try Everything
71%
Mayor of the above Mayor Lionheart
63%
Assistant mayor Bellwether
55%
Plant that causes predators to go savage Night Howlers
53%
Powerful crime boss Mr Big
49%
Academy award won Best Animated Feature
41%
Zootopia made over _ _____ dollars 1 billion
39%
No matching quizzes found
Score Distribution
Percent of People with Each Score
Percentile by Number Answered
Your Score History
You have not taken this quiz